Loading...
Disparities and development policy a regional perspective
| Main Author: | |
|---|---|
| Format: | Printed Book |
| Language: | English |
| Published: |
Delhi
Anmol
1986
|
| Subjects: |
| LEADER | 00529nam a22001577a 4500 | ||
|---|---|---|---|
| 005 | 20160820112345.0 | ||
| 008 | 090814t xxu||||| |||| 00| 0 eng d | ||
| 082 | |a 330.341.46 |b BHA | ||
| 100 | |a Bhadouria,B P S |9 761 | ||
| 245 | |a Disparities and development policy |b a regional perspective | ||
| 300 | |a x,279p. | ||
| 653 | |a development policy | ||
| 942 | |c BK |6 _ | ||
| 260 | |a Delhi |b Anmol |c 1986 | ||
| 999 | |c 168749 |d 168749 | ||
| 952 | |0 0 |1 0 |2 ddc |4 0 |6 33034146_BHA |7 0 |9 219316 |a DAE |b DAE |d 2009-08-14 |o 330.341.46 BHA |p ECO06426 |r 2016-08-20 |w 2016-08-20 |y BK | ||